000 00668nam a22002297a 4500
005 20170124110231.0
010 _a207610
020 _c00.00
035 _a207610
037 _bCen Lib/Ret
040 _aDPL
_bEN
082 _a910.45
_bCOU
100 _aCousteau, Jacques-Yves
_921067
245 _aThe living sea /
_cby Jacques-YvesCousteau [and] James Dugan
260 _aNew York
_bHarper & Row Publishers
_c1963
270 _aNew York
_bNew York
300 _a325p. :
_c23cm(Hb)
_bill.
650 _aMarine biology
_941349
650 _aUnderwater photography
_941350
700 _932298
_aDugan, James
942 _2ddc
_cEN
_h910.45
_mCOU
999 _c134662
_d134662